Pagesos contra Franco, 1974-1979 : la Unió de Pagesos i la construcció de la democràcia / la Unió de Pagesos i la construcció de la democràcia /
ISBN:
9788410393158
Publicado:
Barcelona :
Memorial Democràtic, Generalitat de Catalunya ; Generalitat de Catalunya ,
2024
Descripción Física:
165 pàgines, 6 pàgines no numerades : il·lustracions (algunes en color), fotografies ; 24 cm
Colección:
Catàlegs del Memorial Democràtic
; 03
Materias:
Unió de Pagesos -- Història -- S. XX
; Unió de Pagesos
; Pagesos -- Catalunya -- Història
; Conflictes socials -- Catalunya -- Història
; Revoltes camperoles
; Antifranquisme -- Catalunya
; Catalunya -- Història -- 1975-1980, Transició
; Catàlegs d'exposicions
Idioma:
Catalán
MARC
| LEADER | 00000cam a2200000 i 4500 | ||
|---|---|---|---|
| 001 | 28825 | ||
| 003 | AGDB | ||
| 005 | 20260324181530.0 | ||
| 008 | 241121e202410 spcao|||| 001 0ccat c | ||
| 015 | |a LL2025 |2 bnc | ||
| 017 | |a B 18754-2024 |b Biblioteca de Catalunya | ||
| 020 | |a 9788410393158 | ||
| 040 | |a ES-BaCBU |b cat |e rda |c ES-BaCBU | ||
| 043 | |a e-sp--- |b e-spc-- |2 catmarc | ||
| 080 | |a 061:323.333 |x (460.23) |x "19" |x (083.824) |2 2004 | ||
| 080 | |a 316.48 |x (460.23) |x "19" |x (083.824) |2 2004 | ||
| 080 | |a 321.64 |x (460.23) |x "19" |x (083.824) |2 2004 | ||
| 080 | |a 94 |x (460.23) |x "1975/1980" |2 2004 | ||
| 100 | 1 | |a Puig Vallverdú, Guillem, |d 1989- |e autor |9 72025 | |
| 245 | 1 | 0 | |a Pagesos contra Franco, 1974-1979 : |b la Unió de Pagesos i la construcció de la democràcia / |c Guillem Puig Vallverdú |
| 250 | |a Primera edició | ||
| 264 | 1 | |a Barcelona : |b Memorial Democràtic, Generalitat de Catalunya ; |b Generalitat de Catalunya ; |c octubre de 2024 | |
| 300 | |a 165 pàgines, 6 pàgines no numerades : |b il·lustracions (algunes en color), fotografies ; |c 24 cm | ||
| 336 | |a text |b txt |2 rdacontent | ||
| 337 | |a sense mediació |b n |2 rdamedia | ||
| 338 | |a volum |b nc |2 rdacarrier | ||
| 490 | |a Catàlegs del Memorial Democràtic ; |v 03 | ||
| 500 | |a Catàleg de l’exposició. | ||
| 610 | 2 | 7 | |a Unió de Pagesos |x Història |y S. XX |9 72026 |
| 610 | 2 | 7 | |a Unió de Pagesos |2 cantic |9 63410 |
| 650 | 7 | |a Pagesos |z Catalunya |x Història |2 lemac |9 38662 | |
| 650 | 7 | |a Conflictes socials |z Catalunya |x Història |2 lemac |9 72027 | |
| 650 | 7 | |a Revoltes camperoles |2 thub |9 72028 | |
| 650 | 0 | |a Antifranquisme |z Catalunya |9 72029 | |
| 651 | 7 | |a Catalunya |x Història |y 1975-1980, Transició |2 lemac |9 53733 | |
| 655 | 7 | |a Catàlegs d'exposicions |2 thub |9 69807 | |
| 710 | 2 | |a Memorial Democràtic (Catalunya) |e entitat editora |9 52410 | |
| 908 | |a MD |a BPC |a UB |a UAB |a BAB |a BMON |a BC |a URV |a ANC |a UdL | ||
| 940 | |a MD | ||
| 942 | |2 udc |c ARXIU |n 1 | ||
| 952 | |0 0 |1 0 |4 0 |6 BIB1275 |7 1 |9 98026 |a Arxiu |b Arxiu |d 2025-05-05 |l 0 |o Bib-1275 |p 28825 |r 2025-05-05 00:00:00 |w 2025-05-05 |y ARXIU | ||
| 999 | |c 129812 |d 129812 | ||